000 00438nam a2200181Ia 4500
005 20250326125722.0
008 250326s9999 xx 000 0 und d
037 _aTextbook
040 _aFMSL
_beng
_cFMSL
041 _aeng
_2eng
084 _qFMSL
100 _aMaier N R F
245 0 _aAppraisal interview
_cMaier N R F
260 _aNY
_bNY, John Wiley
_c1963
300 _a246p
942 _cTB
999 _c1279260
_d1279260